Information and control system for use in the real-time multiprocessor simulation of power equipment; Russian Electrical Engineering; Vol. 84, № 5

מידע ביבליוגרפי
Parent link:Russian Electrical Engineering.— , 2007-
Vol. 84, № 5.— 2013.— [P. 290-295]
מחבר ראשי: Borovikov Y. S. Yuri Sergeevich
מחבר תאגידי: Национальный исследовательский Томский политехнический университет (ТПУ) Энергетический институт (ЭНИН)
מחברים אחרים: Sulaymanov A. O. Almaz Omurzakovich
סיכום:Title screen
An information and control system is developed for use in the real-time multiprocessor simulation of regular and smart power equipment. Experiments on the system and its software illustrate its suitability for the solution of complex problems arising in power-system design, study, and use.
Режим доступа: по договору с организацией-держателем ресурса
שפה:אנגלית
יצא לאור: 2013
נושאים:
גישה מקוונת:http://dx.doi.org/10.3103/S1068371213050039
פורמט: אלקטרוני Book Chapter
KOHA link:https://koha.lib.tpu.ru/cgi-bin/koha/opac-detail.pl?biblionumber=637896

MARC

LEADER 00000naa0a2200000 4500
001 637896
005 20250124093019.0
035 |a (RuTPU)RU\TPU\network\2083 
090 |a 637896 
100 |a 20141111d2013 k||y0rusy50 ba 
101 0 |a eng 
102 |a US 
135 |a drcn ---uucaa 
181 0 |a i  
182 0 |a b 
200 1 |a Information and control system for use in the real-time multiprocessor simulation of power equipment  |f Y. S. Borovikov, A. O. Sulaymanov 
203 |a Text  |c electronic 
300 |a Title screen 
320 |a [References: p. 295 (3 tit.)] 
330 |a An information and control system is developed for use in the real-time multiprocessor simulation of regular and smart power equipment. Experiments on the system and its software illustrate its suitability for the solution of complex problems arising in power-system design, study, and use. 
333 |a Режим доступа: по договору с организацией-держателем ресурса 
461 |t Russian Electrical Engineering  |d 2007- 
463 |t Vol. 84, № 5  |v [P. 290-295]  |d 2013 
610 1 |a электронный ресурс 
610 1 |a труды учёных ТПУ 
610 1 |a информационно-управляющие системы 
610 1 |a information and control system 
610 1 |a комплексный подход 
610 1 |a complex approach 
610 1 |a автоматизированное рабочее место 
610 1 |a automated workstation 
700 1 |a Borovikov  |b Y. S.  |c Specialist in the field of hybrid simulation of electric power systems, including electric power systems with smart grid  |c Candidate of Technical Sciences, Associate Professor of Tomsk Polytechnic University (TPU)  |f 1978 -  |g Yuri Sergeevich  |3 (RuTPU)RU\TPU\pers\32089 
701 1 |a Sulaymanov  |b A. O.  |c specialist in the field of electric power engineering  |c Associate Professor of Tomsk Polytechnic University, Candidate of technical sciences  |f 1967-  |g Almaz Omurzakovich  |3 (RuTPU)RU\TPU\pers\32884  |9 16732 
712 0 2 |a Национальный исследовательский Томский политехнический университет (ТПУ)  |b Энергетический институт (ЭНИН)  |3 (RuTPU)RU\TPU\col\16913 
801 2 |a RU  |b 63413507  |c 20160330  |g RCR 
856 4 |u http://dx.doi.org/10.3103/S1068371213050039 
942 |c CF